Normal view
MARC view
- Crosswait, C. Bruce
Entry Personal Name
001 - CONTROL NUMBER
- control field: 6780
003 - CONTROL NUMBER IDENTIFIER
- control field: OSt
005 - DATE AND TIME OF LATEST TRANSACTION
- control field: 20170522120214.0
008 - FIXED-LENGTH DATA ELEMENTS
- fixed length control field: 170522|| aca||aabn | a|a d
040 ## - CATALOGING SOURCE
- Original cataloging agency: OSt
- Transcribing agency: OSt
100 ## - HEADING--PERSONAL NAME
- Personal name: Crosswait, C. Bruce
670 ## - SOURCE DATA FOUND
- Source citation: Work cat.: (OSt)0: Wilkes, Mary 6778, Professional development :, 1984

PORTAL AKMAL
E-MEL JKDM
AKMAL2U
G-BAM
u-PUSTAKA